Αρχές του Μάρκετινγκ / Ειδικά Γραμμένο για την Ευρωπαική Παραγματικότητα. Με Παραδείγματα και Υποδειγματικά Θέματα από τον Κόσμο των Ευρωπαικών Επιχειρήσεων. Δεύτερη Ευρωπαική Έκδοση. (Record no. 2783)
[ view plain ]
| 000 -LEADER | |
|---|---|
| fixed length control field | 01250cam a22002414a 4500 |
| 005 - ΗΜΕΡΟΜΗΝΙΑ ΚΑΙ ΩΡΑ ΤΕΛΕΥΤΑΙΑΣ ΕΝΗΜΕΡΩΣΗΣ | |
| Πεδίο ελέγχου | 20250605164053.0 |
| 008 - FIXED-LENGTH DATA ELEMENTS--GENERAL INFORMATION | |
| Πεδίο ελέγχου σταθερού μήκους | 250528s ||||||||||||||||||||||||d |
| 035 ## - SYSTEM CONTROL NUMBER | |
| System control number | 17358 |
| 020 ## - ISBN | |
| ISBN | 9602094680 |
| 040 ## - ΠΗΓΗ ΚΑΤΑΛΟΓΟΓΡΑΦΗΣΗΣ | |
| Φορέας πρωτότυπης καταλογογράφησης | MC Athens Campus Library |
| Γλώσσα καταλογογράφησης | Ελληνικά, Μοντέρνα (1453-) |
| Modifying agency | MC Athens Campus Library |
| Κανόνες περιγραφικής καταλογογράφησης | AACR2 |
| 245 1# - ΤΙΤΛΟΣ ΚΑΙ ΔΗΛΩΣΗ ΥΠΕΥΘΥΝΟΤΗΤΑΣ | |
| Τίτλος | Αρχές του Μάρκετινγκ / Ειδικά Γραμμένο για την Ευρωπαική Παραγματικότητα. Με Παραδείγματα και Υποδειγματικά Θέματα από τον Κόσμο των Ευρωπαικών Επιχειρήσεων. Δεύτερη Ευρωπαική Έκδοση. |
| 250 ## - EDITION STATEMENT | |
| Edition statement | 2η |
| 260 ## - PUBLICATION, DISTRIBUTION, ETC. | |
| Name of publisher, distributor, etc. | Κλειδάριθμος, |
| Date of publication, distribution, etc. | 1996 |
| 300 ## - PHYSICAL DESCRIPTION | |
| Extent | 1146 |
| 520 ## - SUMMARY, ETC. | |
| Summary, etc. | Το πιο πλήρες και το πιο σύγχρονο εισαγωγικό εγχειρίδιο του Μάρκετινγκ. Το Μάρκετινγκ και η Διαδικασία του Μάρκετινγκ, Το Μάρκετινγκ στην Πράξη, Θεμελιώδης Στρατηγική, Προιόν, Τιμή, Τόπος. |
| 700 1# - ΠΡΟΣΘΕΤΗ ΑΝΑΓΡΑΦΗ--ΦΥΣΙΚΟ ΠΡΟΣΩΠΟ | |
| Personal name | Armstrong Gary |
| 9 (RLIN) | 2168 |
| 700 1# - ΠΡΟΣΘΕΤΗ ΑΝΑΓΡΑΦΗ--ΦΥΣΙΚΟ ΠΡΟΣΩΠΟ | |
| Personal name | Kotler Philip |
| 9 (RLIN) | 1146 |
| 700 1# - ΠΡΟΣΘΕΤΗ ΑΝΑΓΡΑΦΗ--ΦΥΣΙΚΟ ΠΡΟΣΩΠΟ | |
| Personal name | Saunders John |
| 9 (RLIN) | 3510 |
| 700 1# - ΠΡΟΣΘΕΤΗ ΑΝΑΓΡΑΦΗ--ΦΥΣΙΚΟ ΠΡΟΣΩΠΟ | |
| Personal name | Wong Veronica |
| 9 (RLIN) | 3511 |
| 942 ## - ADDED ENTRY ELEMENTS (KOHA) | |
| Koha item type | Books |
| Τύπος τεκμηρίου | Βιβλιοθήκη | Τρέχουσα τοποθεσία | Barcode | Αριθμός εισαγωγής | Ημερομηνία απόκτησης | Ταξιθετικό σύμβολο | Αριθμός αντιτύπου | Κατάσταση απόσυρσης | Κατάσταση χαμένου | Κατάσταση κατεστραμμένου | Μη δανεισμός | Σύνολο δανεισμών | Ημερομηνία τελευταίας εμφάνισης | Η τιμή ισχύει από |
|---|---|---|---|---|---|---|---|---|---|---|---|---|---|---|
| Books | MC Athens Campus Library | MC Athens Campus Library | 9780000027825 | 1048 | 05/06/2025 | 658.8 ΚΟΤ | 2 | 05/06/2025 | 05/06/2025 |